Countries with Wolverines - Statistics

General Stats
  • This quiz has been taken 41 times
  • The average score is 9 of 9
Answer Stats
Answer % Correct
Russia
100%
China
97%
Canada
94%
Finland
94%
Mongolia
94%
Norway
94%
Sweden
94%
United States
94%
Kazakhstan
91%
No matching quizzes found
Score Distribution
Percent of People with Each Score
Percentile by Number Answered
Your Score History
You have not taken this quiz